00327 2200145 4500001002100000005001500021035002000036245004300056100001600099300001200115260002000127082000800147084001400155990001200169INLIS00000000000200920250527084132 a0010-05250003011 aDasar Dasar Elektronika /cOwen Bishop0 aOwen Bishop a202 hlm bErlangga,c2002 a600 a600 OWE d a0713275